000 01005nam a2200253Ia 4500
003 OSt
005 20210714155958.0
008 210310s1963 sp gr 000 0 spa d
040 _aCO-JMCR
_cCO-JMCR
041 1 _aspa
_heng
082 0 4 _a332.041 /
_bH644c
_223
100 1 _aHilferding, Rudolf,
_eautor
_926765
245 1 3 _aEl capital financiero /
_cRudolf Hilferding ; traducción de V. Román García
260 _aMadrid :
_bTecnos,
_c1963
300 _a420 páginas ;
_c23 cm.
490 0 _aColección de Ciencias Sociales
501 _aCon: notas a pie de página.
505 0 _aDinero y crédito. -- La movilización del capital. -- El capital financiero y la limitación de la libre competencia. -- El capital financiero y las crisis. -- Sobre la política económica del capital financiero.
650 1 4 _aCrédito
_938461
650 2 4 _aMovilización de capital
_938462
650 2 4 _aCapital ficticio
_938463
700 1 _aRomán García, V.,
_etraductor
_938464
942 _2ddc
_cBK
999 _c11904
_d11904